Metody obrabotki eksperimentaľnych dannych

Enregistré dans:
Détails bibliographiques
Auteurs principaux: Worthing, A. G. (Auteur), Geffner, J. (Auteur)
Format: Livre
Langue:russe
Publié: Moskva : Izd. Inostrannoj Literatury, 1953
Édition:2. izd.
Sujets:
Tags: Ajouter un tag
Pas de tags, Soyez le premier à ajouter un tag!

MARC

LEADER 00000nam a22000003a 4500
001 stu87797
005 20150617225626.5
008 040614s1953----xxr-----------------rus-d
040 |a STU  |b slo 
041 0 |a rus 
044 |a xxr 
080 |a 518/.519 
100 1 |a Worthing, A. G.  |4 aut 
245 1 |a Metody obrabotki eksperimentaľnych dannych 
250 |a 2. izd. 
260 |a Moskva :  |b Izd. Inostrannoj Literatury,  |c 1953 
300 |a 346 s 
650 7 |a experimentálne techniky  |2 stusub 
700 1 |a Geffner, J.  |4 aut 
996 |b 284J021699  |c J*27276  |l JJK16  |s P  |a 0  |w stu87797_0001